| Поле | Инд. | ПП | Название | Значение |
|---|---|---|---|---|
| Тип записи | a | |||
| Библиографический уровень | b | |||
| 001 | Контрольный номер | RU/IS/BASE/202322513 | ||
| 005 | Дата корректировки | 20200630193251.3 | ||
| 008 | Кодируемые данные | 20060530 | ||
| 084 | a | Индекс другой классификации/Индекс ББК | 60.561.9; 74.484(2Рос) | |
| 100 | 1_ | a | Автор | Добренькова Е. В. |
| q | Полное имя | Добренькова Екатерина Владимировна | ||
| 245 | a | Заглавие | Деформации образовательного дискурса | |
| 504 | a | Библиография | Библиогр. ссылки | |
| 650 | a | Основная рубрика | высшее образование | |
| a | Основная рубрика | образование | ||
| a | Основная рубрика | профессиональное образование | ||
| a | Основная рубрика | социология | ||
| a | Основная рубрика | социология образования | ||
| 653 | a | Ключевые слова | децентрализация образования | |
| a | Ключевые слова | дискурс | ||
| a | Ключевые слова | коммерциализация образования | ||
| a | Ключевые слова | кризис образования | ||
| a | Ключевые слова | образовательный дискурс | ||
| a | Ключевые слова | общественное мнение | ||
| a | Ключевые слова | общественный дискурс | ||
| a | Ключевые слова | социальная коммуникация | ||
| a | Ключевые слова | элитизация образования | ||
| 773 | t | Заглавие источника | Вестник Московского университета. Серия 18, Социология и политология | |
| d | Дата издания источника | 2006 | ||
| g | Прочая информация | № 1. - С. 106 - 119 | ||
| w | Контрольный № источника | RU/IS/BASE/199372887 | ||
| 901 | t | Тип документа | b |